Statistieken voor Alle gemeenten van Vlaanderen

Klik hier om de quiz te nemen!

Algemene statistieken

  • Deze quiz is 2.828 keer genomen
    (2.044 sinds de laatste reset)
  • De gemiddelde score is 171 van 300

Antwoordstatistieken

Gemeente% Correct
Antwerpen
97%
Gent
94%
Brugge
94%
Oostende
91%
Aalst
89%
Hasselt
89%
Mechelen
89%
Genk
89%
Leuven
87%
De Panne
85%
Kortrijk
84%
Sint-Niklaas
83%
Aarschot
81%
Dendermonde
81%
Knokke-Heist
80%
Bever
80%
Ieper
80%
Blankenberge
80%
Geel
80%
Turnhout
78%
Mol
78%
Lier
78%
As
77%
Vilvoorde
76%
Sint-Truiden
76%
Aalter
75%
De Haan
75%
Beveren
75%
Lokeren
74%
Asse
74%
Nieuwpoort
74%
Halle
73%
Herent
73%
Diest
73%
Geraardsbergen
72%
Boom
72%
Middelkerke
72%
Tongeren
71%
Ham
71%
Beringen
70%
Aartselaar
69%
Affligem
69%
Zaventem
69%
Koksijde
69%
Brasschaat
69%
Peer
69%
Waregem
69%
Lommel
69%
Bree
69%
Pelt
68%
Roeselare
68%
Tielt
68%
Tienen
68%
Deinze
67%
Lint
67%
Ninove
67%
Maaseik
67%
Grimbergen
67%
Diksmuide
66%
Beerse
66%
Heist-op-den-Berg
66%
Kontich
66%
Machelen
66%
Zwijndrecht
65%
Bredene
65%
Denderleeuw
65%
Balen
64%
Landen
64%
De Pinte
64%
Ranst
64%
Zottegem
64%
Veurne
64%
Oudenaarde
63%
Dilbeek
63%
Poperinge
63%
Baarle-Hertog
62%
Olen
62%
Haacht
62%
Oud-Heverlee
62%
Bierbeek
62%
Hamme
62%
Bilzen
62%
Hoogstraten
62%
Maasmechelen
62%
Zulte
62%
Lede
61%
Oud-Turnhout
61%
Sint-Katelijne-Waver
61%
Herentals
61%
Brecht
61%
Tervuren
61%
Hove
61%
Lanaken
61%
Menen
61%
Overijse
60%
Wijnegem
60%
Izegem
60%
Alken
60%
Kapellen
60%
Rumst
60%
Malle
60%
Sint-Martens-Latem
60%
Schoten
60%
Assenede
60%
Bornem
59%
Borsbeek
59%
Anzegem
59%
Berlaar
59%
Zelzate
59%
Wommelgem
59%
Zonhoven
59%
Berlare
58%
Bonheiden
58%
Niel
58%
Kortenberg
58%
Lummen
58%
Merchtem
58%
Duffel
58%
Tielt-Winge
58%
Hoeilaart
58%
Torhout
58%
Gooik
58%
Zwevegem
58%
Ardooie
58%
Schilde
58%
Rotselaar
57%
Zemst
57%
Voeren
57%
Eeklo
57%
Arendonk
57%
Retie
57%
Tessenderlo
57%
Meise
57%
Leopoldsburg
57%
Riemst
57%
Hoegaarden
57%
Kasterlee
57%
Linter
57%
Lochristi
56%
Boortmeerbeek
56%
Wuustwezel
56%
Wetteren
56%
Londerzeel
56%
Liedekerke
56%
Tremelo
56%
Damme
56%
Kortemark
56%
Ternat
56%
Temse
56%
Heusden-Zolder
56%
Nijlen
56%
Jabbeke
56%
Westerlo
55%
Bertem
55%
Scherpenheuvel-Zichem
55%
Ronse
55%
Beersel
55%
Lille
55%
Putte
55%
Melle
55%
Destelbergen
55%
Erpe-Mere
55%
Boutersem
55%
Diepenbeek
55%
Vosselaar
54%
Zutendaal
54%
Lennik
54%
Stabroek
54%
Bekkevoort
54%
Maldegem
54%
Bocholt
54%
Hamont-Achel
53%
Puurs-Sint-Amands
53%
Avelgem
53%
Alveringem
53%
Herne
53%
Sint-Pieters-Leeuw
53%
Galmaarden
53%
Begijnendijk
53%
Heuvelland
53%
Kalmthout
53%
Essen
53%
Herstappe
52%
Wevelgem
52%
Opwijk
52%
Lebbeke
52%
Kapelle-op-den-Bos
52%
Zwalm
52%
Hoeselt
52%
Herk-de-Stad
52%
Zele
51%
Lo-Reninge
51%
Ingelmunster
51%
Harelbeke
51%
Kuurne
51%
Zandhoven
51%
Vorselaar
51%
Dessel
51%
Mortsel
51%
Kaprijke
51%
Kortenaken
51%
Oudenburg
51%
Merelbeke
51%
Glabbeek
51%
Hechtel-Eksel
50%
Sint-Lievens-Houtem
50%
Hemiksem
50%
Houthalen-Helchteren
50%
Haaltert
50%
Sint-Genesius-Rode
50%
Edegem
50%
Ledegem
50%
Wachtebeke
50%
Gistel
50%
Gingelom
50%
Laakdal
50%
Geetbets
50%
Oostrozebeke
49%
Evergem
49%
Lievegem
49%
Holsbeek
49%
Zoersel
49%
Gavere
49%
Kraainem
49%
Oostkamp
49%
Willebroek
49%
Kinrooi
49%
Waasmunster
49%
Oosterzele
49%
Buggenhout
49%
Drogenbos
48%
Wortegem-Petegem
48%
Wingene
48%
Grobbendonk
48%
Zoutleeuw
48%
Lierde
48%
Sint-Gillis-Waas
48%
Keerbergen
48%
Laarne
48%
Kruibeke
48%
Brakel
48%
Schelle
48%
Vleteren
47%
Lichtervelde
47%
Merksplas
47%
Zuienkerke
47%
Wielsbeke
46%
Boechout
46%
Lubbeek
46%
Herenthout
46%
Ichtegem
46%
Hulshout
45%
Oudsbergen
45%
Halen
45%
Wellen
45%
Beernem
45%
Huldenberg
44%
Herselt
44%
Wezembeek-Oppem
44%
Meerhout
44%
Wemmel
44%
Sint-Laureins
44%
Lendelede
44%
Dilsen-Stokkem
44%
Ravels
44%
Rijkevorsel
44%
Kampenhout
43%
Langemark-Poelkapelle
43%
Dentergem
43%
Deerlijk
43%
Borgloon
43%
Moorslede
43%
Houthulst
43%
Staden
43%
Moerbeke
43%
Pepingen
42%
Heers
42%
Nazareth
42%
Zedelgem
42%
Zonnebeke
42%
Roosdaal
41%
Kluisbergen
41%
Horebeke
41%
Kortessem
41%
Steenokkerzeel
41%
Stekene
41%
Mesen
40%
Herzele
40%
Wervik
40%
Nieuwerkerken
39%
Kruisem
39%
Koekelare
39%
Meulebeke
38%
Hooglede
38%
Pittem
38%
Linkebeek
38%
Maarkedal
37%
Spiere-Helkijn
35%
Wichelen
35%
Ruiselede
34%

Scoreverdeling

Percentiel versus Aantal Correcte Antwoorden

Procent van Mensen met Elke Score

Uw Scoregeschiedenis

U heeft deze quiz nog niet genomen sinds de laatste reset